Statistics for U.S Route 66 States

Click here to take the quiz!

General Stats

  • This quiz has been taken 81 times
  • The average score is 8 of 8

Answer Stats

HintState% Correct
1st StateCalifornia
100%
4th StateTexas
100%
2nd StateArizona
99%
3rd StateNew Mexico
99%
5th StateOklahoma
97%
6th StateKansas
96%
8th StateIllinois
95%
7th StateMissouri
92%

Score Distribution

Percentile by Number Answered

Percent of People with Each Score

Your Score History

You have not taken this quiz